Principii d'economia politica ... / (Record no. 159247)

MARC details
000 -LEADER
campo de control de longitud fija 01005nam a22002415i 4500
001 - NÚMERO DE CONTROL
campo de control 159247
003 - IDENTIFICADOR DE NÚMERO DE CONTROL
campo de control ES-MaACL
005 - FECHA Y HORA DE LA ÚLTIMA TRANSACCIÓN
campo de control 20250713070252.0
008 - DATOS DE LONGITUD FIJA--INFORMACIÓN GENERAL
campo de control de longitud fija 051014s1853 it | |||||||| ||ita d
040 ## - FUENTE DE CATALOGACIÓN
Centro catalogador/agencia de origen CAM
Lengua de catalogación spa
Centro/agencia transcriptor CAM
100 1# - ENTRADA PRINCIPAL--NOMBRE DE PERSONA
Nombre de persona Mc Culloch, G.R.
9 (RLIN) 129775
245 10 - MENCIÓN DEL TÍTULO
Título Principii d'economia politica ... /
Mención de responsabilidad, etc. G.R. Mc Culloch. Principii d'conomia politica / H.C. Carey.
260 ## - PUBLICACIÓN, DISTRIBUCIÓN, ETC.
Lugar de publicación, distribución, etc. Torino :
Nombre del editor, distribuidor, etc. Cugini Pomba e Comp., editori-librai,
Fecha de publicación, distribución, etc. 1853 (
Fabricante Tipografia degli Artisti A. Pons e Comp.)
300 ## - DESCRIPCIÓN FÍSICA
Extensión LXXXVII, 1152 p. ;
Dimensiones 23 cm.
490 1# - MENCIÓN DE SERIE
Mención de serie Biblioteca dell'economista. Prima serie. Trattati complessivi ;
Designación de volumen o secuencia 13
650 04 - PUNTO DE ACCESO ADICIONAL DE MATERIA--TÉRMINO DE MATERIA
Término de materia o nombre geográfico como elemento de entrada Economía-
Subdivisión de forma Historia.
9 (RLIN) 12012
700 1# - ENTRADA AGREGADA--NOMBRE PERSONAL
Nombre de persona Carey, Henry Charles.
Título de la obra Principii di economia politica.
9 (RLIN) 126333
700 1# - ENTRADA AGREGADA--NOMBRE PERSONAL
Nombre de persona Pomba, Cunigi e Comp.,
Término indicativo de función/relación
9 (RLIN) 131254
752 ## - ENTRADA AGREGADA--NOMBRE JERÁRQUICO DEL LUGAR
País o entidad superior Italia -
Ciudad Turín
830 00 - PUNTO DE ACCESO ADICIONAL DE SERIE-TÍTULO UNIFORME
Título uniforme Biblioteca dell economista
Designación de volumen o secuencia 13
9 (RLIN) 188577
852 ## - LOCALIZACIÓN
Ubicación ES-MaACL
Número de control de estantería B-8963
Nota libre -- Enc. hol.
Encuadernación -- Edic.: corrige el CCPB000092954
Holdings
Estatus retirado Estado de pérdida Estado de daño No para préstamo Colección Biblioteca de origen Biblioteca actual Ubicación en estantería Fecha de adquisición Fuente de adquisición Total de préstamos Signatura topográfica completa Código de barras Visto por última vez Precio de reemplazo Tipo de ítem Koha
        Libros del s. XIX Biblioteca del Ateneo de Madrid Biblioteca del Ateneo de Madrid Sala Pardo Bazán 17/01/2008     B-8963 1166706 23/02/2023 23/02/2023 Libro impreso antiguo